| 000 | 01392nam0a22003131 4500 | ||
|---|---|---|---|
| 001 | rc\3011105 | ||
| 005 | 20250806201023.0 | ||
| 035 | _a(NLR Aleph) 007153628 | ||
| 090 |
_a4876 _c4876 |
||
| 100 | _a20110923d1945 u y0rusy50 ca | ||
| 101 | 0 | _arus | |
| 102 | _aRU | ||
| 105 | _aa z ||||| | ||
| 200 | 1 |
_aВ помощь начинающему мостовщику _fИ.П. Бойко, Е.Ф. Протасевич, Я.Ф. Протасевич, А.В. Муляренко _gПод ред. М.Э. Мейтус _gНауч.-иссл. ин-т коммун. хоз-ва Ленгорисполкома. Дор.-мост. упр. Ленгорисполкома |
|
| 210 |
_a[Ленинград] _cЛениздат _d1945 _gтип. № 9 Упр. изд-в и полиграфии Исполкома Ленгорсовета |
||
| 215 |
_a65 с., включ. 1 с. обл. _cил., черт. _d20 см |
||
| 300 | _aНа обл. 2-й автор: Я.Ф. Протасевич | ||
| 700 | 1 |
_aБойко _bИ.П. |
|
| 701 | 1 |
_aПротасевич _bЕ.Ф. |
|
| 701 | 1 |
_aПротасевич _bЯ.Ф. |
|
| 701 | 1 |
_aМуляренко _bА.В. |
|
| 702 | 1 |
_aМейтус _bМ.Э. _4340 |
|
| 801 | 0 |
_aRU _bNLR _gpsbo |
|
| 801 | 1 |
_aRU _bELAR _2rusmarc |
|
| 852 |
_aNLR _jТ86 Г-4/191 |
||
| 942 | _cBOOK | ||
| 945 | _aРоссийская национальная библиотека | ||
| 980 | _aNB | ||
| 980 | _aBV | ||